Sweet potato pest management : (Record no. 5544)

MARC details
000 -LEADER
fixed length control field 00801cam a2200241 a 4500
001 - CONTROL NUMBER
control field BD-DhSAU 5544
003 - CONTROL NUMBER IDENTIFIER
control field BD-DhSAU
005 - DATE AND TIME OF LATEST TRANSACTION
control field 20150416123833.0
008 - FIXED-LENGTH DATA ELEMENTS--GENERAL INFORMATION
fixed length control field 900412s1991 ii ab rb 001 0 eng
020 ## - INTERNATIONAL STANDARD BOOK NUMBER
International Standard Book Number 8120406354
040 ## - CATALOGING SOURCE
Original cataloging agency BD-DhSAU
082 00 - DEWEY DECIMAL CLASSIFICATION NUMBER
Classification number 635.2297
Edition number 22
Item number SWE
245 00 - TITLE STATEMENT
Title Sweet potato pest management :
Remainder of title a global perspective /
Statement of responsibility, etc. edited by Richard K. Jansson and Kandukuri V. Raman.
260 ## - PUBLICATION, DISTRIBUTION, ETC. (IMPRINT)
Place of publication, distribution, etc. New Delhi :
Name of publisher, distributor, etc. Oxford & IBH Pub. Co.,
Date of publication, distribution, etc. c1991.
300 ## - PHYSICAL DESCRIPTION
Extent xv, 458 p. :
Other physical details ill., maps ;
Dimensions 24 cm.
440 ## - SERIES STATEMENT/ADDED ENTRY--TITLE
Title Studies in insect biology
504 ## - BIBLIOGRAPHY, ETC. NOTE
Bibliography, etc Includes bibliographical references and index.
590 ## - Name of Cataloguer
Name of Cataloger joy
650 #0 - SUBJECT ADDED ENTRY--TOPICAL TERM
Topical term or geographic name as entry element Sweet potatoes
General subdivision Diseases and pests
-- Control.
650 #0 - SUBJECT ADDED ENTRY--TOPICAL TERM
Topical term or geographic name as entry element Insect pests
General subdivision Control.
700 1# - ADDED ENTRY--PERSONAL NAME
Personal name Jansson, Richard K.
700 1# - ADDED ENTRY--PERSONAL NAME
Personal name Raman, Kandukuri V.
942 ## - ADDED ENTRY ELEMENTS (KOHA)
Source of classification or shelving scheme Dewey Decimal Classification
Koha item type Book
Holdings
Withdrawn status Lost status Source of classification or shelving scheme Damaged status Not for loan Collection code Home library Branch Name Shelving location Date acquired Total Checkouts Full call number Barcode Date last seen Price effective from Koha item type
    Dewey Decimal Classification   Not For Loan Reference SAU Library SAU Library Reference 28/06/2001   635.2297 SWE 29461 16/04/2015 16/04/2015 Book